Elements of the differential and integral calculus (Record no. 3399)

MARC details
000 -LEADER
fixed length control field 00682nam a2200205Ia 4500
003 - CONTROL NUMBER IDENTIFIER
control field IN-BaIIA
008 - FIXED-LENGTH DATA ELEMENTS--GENERAL INFORMATION
fixed length control field 211028s9999 xx 000 0 eng d
040 ## - CATALOGING SOURCE
Transcribing agency IIA Library
080 ## - UNIVERSAL DECIMAL CLASSIFICATION NUMBER
Universal Decimal Classification number 517.2
Item number GRA
100 ## - MAIN ENTRY--PERSONAL NAME
Personal name Granville, William Anthony
9 (RLIN) 6020
245 #0 - TITLE STATEMENT
Title Elements of the differential and integral calculus
Statement of responsibility, etc. William Anthony Granville, Percey F. Smith and William Raymond Longley
260 ## - PUBLICATION, DISTRIBUTION, ETC.
Place of publication, distribution, etc. Calcutta
Name of publisher, distributor, etc. Oxford & IBH
Date of publication, distribution, etc. 1957
300 ## - PHYSICAL DESCRIPTION
Extent xi, 556p.
650 ## - SUBJECT ADDED ENTRY--TOPICAL TERM
Topical term or geographic name entry element Analytical Geometry
9 (RLIN) 1676
650 ## - SUBJECT ADDED ENTRY--TOPICAL TERM
Topical term or geographic name entry element Calculus
9 (RLIN) 1611
650 ## - SUBJECT ADDED ENTRY--TOPICAL TERM
Topical term or geographic name entry element NASA Thesaurus
700 ## - ADDED ENTRY--PERSONAL NAME
Personal name Longley, William Raymond
9 (RLIN) 4647
700 ## - ADDED ENTRY--PERSONAL NAME
Personal name Smith, Percey F.
9 (RLIN) 6021
942 ## - ADDED ENTRY ELEMENTS (KOHA)
Koha item type Books
Holdings
Withdrawn status Lost status Damaged status Not for loan Home library Current library Shelving location Date acquired Cost, normal purchase price Total Checkouts Full call number Barcode Date last seen Cost, replacement price Price effective from Koha item type Purchase Price
        IIA Library-Bangalore IIA Library-Bangalore General Stacks 18/03/1970 10.00   517.2/ GRA 3779 05/11/2021 10.00 18/03/1970 Books Rs. 10.00

Powered by Koha